000 00320 a2200157 4500
001 182868
020 _a
040 _cMagnum
100 _aVieira, Thereza Freire
240 1 0 _aA flauta mágica
_lpor
245 1 0 _aA flauta mágica
300 _a158
362 0 _a1999
697 _aLITERATURA GERAL
942 _cBK
999 _c182868
_d182868